| 000 | 00937nam a2200241 a 4500 | ||
|---|---|---|---|
| 001 | BRCA_178 | ||
| 005 | 20190320202917.0 | ||
| 008 | 910821s1987 mx-a---##b---f000-0#spa-# | ||
| 020 | _a9686120033 | ||
| 040 |
_aDLC _cDLC _dDLC |
||
| 050 | 4 |
_aNE2314 _b.V37 1987 |
|
| 245 | 1 | 0 |
_aBosquejos de México _bcolección de grabados y litografías del siglo XIX del Banco de México _c[textos, Elisa Vargas Lugo de Bosch ... [et al.] ; editor, Mario de la Torre]. |
| 260 |
_aMéxico _bBanco de México _c1987 |
||
| 300 |
_a167 p. _bil. (algunas a color) _c32 cm. |
||
| 504 | _aBibliografía: p. 164-167 | ||
| 610 | 2 | 4 |
_aBanco de México (1925- ) _vCatálogos _xColecciones de arte _9653 |
| 650 | 1 | 4 |
_aImpresos mexicanos _vCatálogos _ySiglo XIX _9654 |
| 650 | 1 | 4 |
_aGrabado _ySiglo XIX _zMéxico _9117 |
| 650 | 1 | 4 |
_aLitografía _ySiglo XIX _zMéxico _9655 |
| 700 | 1 |
_aVargas Lugo de Bosch, Elisa _9656 |
|
| 700 | 1 |
_aTorre, Mario de la _9657 |
|
| 942 |
_2lcc _cB |
||
| 999 |
_c149 _d149 |
||